Представление документа в формате MARC21

Поле Инд. ПП Название Значение
Тип записи a
Библиографический уровень m
001 Контрольный номер 54a49b4bba88477eac5fafad155712a0
005 Дата корректировки 20260216155925.2
020 a ISBN 978-5-00250-192-2
c Цена, тираж 750-00
084 a Индекс другой классификации/Индекс ББК 84(2=411.2)6
090 a Полочн. индекс 84(2=411.2)6
c Каталожный индекс 84(2=411.2)6
x Авторский знак Ц 76
091 i Возрастная адресация (DOS) 16+
097 b Оператор Попеленкова
100 1_ a Автор Цой С.
q Полное имя Цой София
245 10 a Заглавие Человек за бортом
b Продолж. заглавия [16+]
260 a Место издания Москва
b Издательство МИФ
c Дата издания 2025
300 a Объем 320 с.
440 _0 a Серия Red Violet. Темные миры
900 a Имя макрообъекта о1576815
901 t Тип документа m